| Tag |
First Indicator |
Second Indicator |
Subfields |
| LEADER |
00000cam a2200000 a 4500 |
| 001 |
in00000783621 |
| 005 |
20151017061702.0 |
| 008 |
880809s1989 paua b s00000 eng |
| 010 |
|
|
|a 87043187
|
| 020 |
|
|
|a 0271006323 :
|c $24.95
|
| 035 |
|
|
|a (OCoLC)18417634
|
| 035 |
|
|
|9 ADM7396AM
|
| 040 |
|
|
|a DLC
|c DLC
|d TXA
|d UtOrBLW
|
| 043 |
|
|
|a n-us---
|
| 049 |
|
|
|a TXAM
|c [A11884189]
|
| 050 |
0 |
0 |
|a HE355.3.R85
|b P76 1989
|
| 082 |
0 |
|
|a 388.1/0973
|2 19
|
| 245 |
0 |
0 |
|a Profitability and mobility in rural America :
|b successful approaches to tackling rural transportation problems /
|c edited by William R. Gillis.
|
| 264 |
|
1 |
|a University Park :
|b Pennsylvania State University Press,
|c [1989]
|
| 264 |
|
4 |
|c ©1989
|
| 300 |
|
|
|a vi, 246 pages :
|b illustrations ;
|c 24 cm.
|
| 336 |
|
|
|a text
|b txt
|2 rdacontent
|
| 337 |
|
|
|a unmediated
|b n
|2 rdamedia
|
| 338 |
|
|
|a volume
|b nc
|2 rdacarrier
|
| 504 |
|
|
|a Includes bibliographical references.
|
| 650 |
|
0 |
|a Rural roads
|z United States.
|
| 650 |
|
0 |
|a Rural transit
|z United States.
|
| 700 |
1 |
|
|a Gillis, William R.
|
| 999 |
|
|
|a MARS
|
| 999 |
f |
f |
|s 51f50052-79a0-3b1f-86eb-2531cb69b3a9
|i b4a80b4a-4220-31e6-8a1f-611629658e32
|t 0
|
| 952 |
f |
f |
|p ric
|a Texas A&M University
|b Rellis Campus
|c Joint Library Facility
|d Remote Storage
|t 0
|e HE355.3.R85 P76 1989
|h Library of Congress classification
|i unmediated -- volume
|m A14811884189
|
| 998 |
f |
f |
|a HE355.3.R85 P76 1989
|t 0
|l Remote Storage
|